Ethical and Security Aspects of Prompt Engineering

Uložené v:
Podrobná bibliografia
Hlavný autor: Čederle, Marek (Autor)
Ďalší autori: Bakonyi, Peter (Vedúci práce)
Médium: Rukopis Kniha
Jazyk:Slovak
English
Vydavateľské údaje: 2025
Predmet:
On-line prístup:http://is.stuba.sk/zp/portal_zp.pl?podrobnosti=175716
Tagy: Pridať tag
Žiadne tagy, Buďte prvý, kto otaguje tento záznam!

MARC

LEADER 00000ntm a22000003a 4500
001 stuzp102868
003 SK-STU
005 20250614211630.5
007 ta
008 150427s2015----xo-----f-mn---000-0-slo-d
040 |a STU  |b slo 
041 0 |a eng 
100 1 |a Čederle, Marek  |u 070400  |4 aut  |U FIIT Fakulta informatiky a informačných technológií  |T FIIT Ústav počítačového inžinierstva a aplikovanej informatiky  |X 121193  |U I400  |Y 672  |7 121193 
242 0 1 |a Etické a bezpečnostné aspekty prompt engineeringu  |y slo 
245 1 0 |a Ethical and Security Aspects of Prompt Engineering 
260 |c 2025 
650 4 |a Large Language Models  |2 eng 
650 4 |a Guidelines  |2 eng 
650 4 |a Artificial Intelligence  |2 eng 
650 4 |a Jailbreak  |2 eng 
650 4 |a Prompt Engineering  |2 eng 
650 4 |a umelá inteligencia  |2 slo 
650 4 |a jailbreak  |2 slo 
650 4 |a prompt engineering  |2 slo 
650 4 |a veľké jazykové modely  |2 slo 
650 4 |a príručka  |2 slo 
700 1 |a Bakonyi, Peter  |u 070400  |k Z8  |4 ths  |U FIIT Fakulta informatiky a informačných technológií  |T FIIT Ústav počítačového inžinierstva a aplikovanej informatiky  |X 73658  |U I400  |Y 672  |7 73658 
856 4 |u http://is.stuba.sk/zp/portal_zp.pl?podrobnosti=175716